00448nam a22001217a 4500008004100000040005500041080001800096245012800114260005000242300000900292650001500301653001000316230501b |||||||| |||| 00| 0 eng d aNational Science LibrarycNational Science Library a54(082.2)bP9 aNational seminar on new frontiers in chemistry 8 & 9 January, 2009c/Post graduate department of chemistry auxilium college aDelhi: bUniversity Grants Commission, c2009 a41p. aChemistry  aWater